00526nam a2200181 a 4500008004100000020001500041050001700056100002200073245005400095260002500149300001600174350000900190490005800199500001700257650002700274650002200301700002100323120228s2001 ||||||||||||||||| || u a1899541594 aRA 783.5 Pol aPollard, Andrew J10aTravel medicinecAndrew Pollard, David R. Murdoch aOxfordbHealthc2001 a152p.: ill. a0.00 aFast facts: indispensable guides to clinical practice aBibliography aTRAVEL--HEALTH ASPECTS aTROPICAL MEDICINE aMurdoch, David R